System Administration Guide (E-BOOK) (Record no. 192559)

000 -LEADER
fixed length control field 00282 a2200109 4500
003 - CONTROL NUMBER IDENTIFIER
control field Nust
005 - DATE AND TIME OF LATEST TRANSACTION
control field 20170207154040.0
040 ## - CATALOGING SOURCE
Transcribing agency Nust
245 ## - TITLE STATEMENT
Title System Administration Guide (E-BOOK)
Remainder of title Basic Administration
Statement of responsibility, etc. SunMicrosystems
260 ## - PUBLICATION, DISTRIBUTION, ETC.
Place of publication, distribution, etc. SunMicrosystems, Inc.
Name of publisher, distributor, etc. USA
Date of publication, distribution, etc. 2007
651 ## - SUBJECT ADDED ENTRY--GEOGRAPHIC NAME
Geographic name E-BOOK
942 ## - ADDED ENTRY ELEMENTS (KOHA)
Source of classification or shelving scheme
Koha item type Book
Holdings
Withdrawn status Lost status Source of classification or shelving scheme Damaged status Not for loan Collection code Permanent Location Current Location Date acquired Total Checkouts Barcode Date last seen Price effective from Koha item type
            Military College of Signals (MCS) Military College of Signals (MCS) 12/12/2016   MCSEB-2017 12/08/2016 12/12/2016 Book
© 2023 Central Library, National University of Sciences and Technology. All Rights Reserved.